Évfordulós ünnepségek községeinkben

Bibliographic Details
Main Author: Ambrus, Ferenc, 1959- (Author)
Format: Article
Language:Hungarian
Slovak
PhysicalDescription:2 foto
ISBN:8096713620
ISSN:8096713620
Subjects:

MARC

LEADER 00000nab a2200000 a 4500
001 vtls000999901
003 SK-MaSNL
005 20260319074055.0
008 040720e19940000xo 0 hun
020 |a 8096713620 
035 |a RV502 
040 |a RVGKPD  |b slo  |c RVGKPD  |e AACR2 
041 0 |a slo 
044 |a xo  |c SK 
080 |a 943.76  |2 1981 
080 |a 323.215  |2 1981 
100 1 |a Ambrus, Ferenc,  |d 1959-   |4 aut  |9 99564 
245 1 0 |a Évfordulós ünnepségek községeinkben 
300 |b 2 foto 
650 0 7 |a výročie založenia obce  |2 RVGKPD  |9 1026688 
650 0 7 |a oslavy  |2 RVGKPD  |9 484766 
651 7 |a Licince (Slovensko)  |2 RVGKPD  |9 58514 
651 7 |a Brzotín (Slovensko)  |2 RVGKPD  |9 31127 
651 7 |a Plešivec (Slovensko)  |2 RVGKPD  |9 29311 
651 7 |a Bohúňovo (Slovensko)  |2 RVGKPD  |9 58581 
655 7 |a zborník  |2 snkbucl  |9 377384 
773 0 8 |t A Pákh Albert Társaság Évkönyve 1993-1994  |d Rozsnyó : Pákh Albert Társaság, 1994, S. 145-147  |x 8096713620 
852 |a ZVYKNI  |b KIS3GCP 
999 |c 1687203  |d 1689133